History of Spain Quiz - Statistics

General Stats
  • This quiz has been taken 64 times
  • The average score is 11 of 21
Answer Stats
Question Answer % Correct
Who conquered the Aztecs in 1521? Hernán Cortés
82%
Who was the wife of Ferdinand II of Aragon? Isabella I
80%
Who ruled Spain dictatorially from 1939 to 1975? Francisco Franco
78%
Which current Asian country was ceded to United States in 1898? Philippines
74%
Which Germanic people dominated the Iberian Peninsula following the fall of the Western Roman Empire? Visigoths
72%
Who succeeded the above? Juan Carlos I
70%
Which country did Spain invade in 1807 along with France? Portugal
70%
Which country defeated Spain in 1588? England
68%
Which dynasty came to the throne after the above? Bourbon
62%
Which city was the capital of a Muslim Caliphate that dominated more than the half of the Iberian Peninsula during the Early Middle Ages? Cordoba
60%
Who is the current king of Spain? Felipe VI
60%
Who ruled over Spain following the fall of the Napoleonic kingdom? Ferdinand VII
60%
What war involved many European nations in the early 18th century? War of the Spanish Succession
42%
Who was the first king of Spain? Charles I
40%
How are the civil wars that took place in Spain in the 19th century known? Carlist Wars
36%
Which country obtained the independence from Spain in 1819? Gran Colombia
36%
What is the name for the small states of the Iberian Peninsula that arose after the above? Taifas
28%
Which Celtiberian city severely resisted the Roman siege in the 2nd century BC? Numantia
22%
Which current state did Spain have to cede to France in 1795? Dominican Republic
20%
In which battle did the Umayyads defeat the Visigoths in 711? Guadalete Battle
18%
Who rebelled against the Umayyads,founding the kingdom of Asturias in 718? Pelagius
14%
No matching quizzes found
Score Distribution
Percent of People with Each Score
Percentile by Number Answered
Your Score History
You have not taken this quiz